000
00231nam a22000857a 4500
008
161205b xxu||||| |||| 00| 0 eng d
100
_9
1790
_a
Whitney.P.A.
245
_a
Secret of Goblin Glen
260
_a
Pennyslvania
_b
The WestministerPress
999
_c
4499
_d
4499